000 00498nam a2200181Ia 4500
005 20250508153616.0
008 008 250505s9999 xx 000 0 eng d
037 _aReference
040 _aFEDL
_beng
_cFEDL
041 _aeng
_2eng
084 _a371.392, MON/RR
_qFEDL
100 _aMontessori Maria
245 0 _aDiscovery of the child
260 _aAdyar, India
_bAdyar Kalakshetra
_c1948
300 _a507p.
942 _cREF
_h371.392, MON/RR
999 _c1344389
_d1344389